00457 2200193 4500001002100000005001500021008004100036020001800077035001900095041000700114082000800121090001400129100002000143245001400163260003000177300002600207500001000233650002000243INLIS00000000000561620241224113131241224||||||||| | ||| |||| || |  a979-795-084-0 0010-1224005616 aid0 a510 a510 PRE M0 aDradjat Premadi00aMATHFLASH aJakartabWahyuMediac2008 a64 HLM,; 15,5 X 22 CM aCAT.4 0aIlmu-ilmu Murni